[Event "SVK-chT 2425"]
[Site "Slovakia"]
[Date "2025.02.16"]
[Round "6.7"]
[White "Zpevak, Pavel"]
[Black "Farkas, Gabor"]
[Result "0-1"]
[WhiteElo "2267"]
[BlackElo "2314"]
[PlyCount "112"]
[EventDate "2024.11.23"]
[EventType "team-tourn"]
[EventRounds "11"]
[EventCountry "SVK"]
[SourceTitle "CB14_2025"]
[SourceDate "2024.11.01"]
[SourceVersion "1"]
[SourceVersionDate "2024.11.01"]
[SourceQuality "1"]
[WhiteTeam "Dubnica nad Vahom"]
[BlackTeam "Cebovce"]
[WhiteTeamCountry "SVK"]
[BlackTeamCountry "SVK"]

1. c4 f5 2. Nf3 Nf6 3. g3 d6 4. Bg2 g6 5. 0-0 Bg7 6. Nc3 0-0 7. d3 e5 8. Rb1 a5 9. a3 h6 10. b4 axb4 11. axb4 f4 12. c5 fxg3 13. Qb3+ Kh7 14. hxg3 Nc6 15. cxd6 cxd6 16. b5 Nd4 17. Nxd4 exd4 18. Nd5 Nxd5 19. Bxd5 Qe7 20. Rb2 Ra1 21. Ra2 Rxa2 22. Qxa2 Bh3 23. Bg2 Bxg2 24. Kxg2 Rf5 25. b6 Qd7 26. e4 dxe3 27. Bxe3 Qc6+ 28. f3 Rb5 29. Rc1 Qe8 30. Bf2 Rb2 31. Qd5 Qe3 32. Rf1 Qxb6 33. Kg1 Qb4 34. f4 b5 35. Re1 Qd2 36. Qf3 h5 37. Re7 Qc1+ 38. Kg2 Qc5 39. f5 Qxf5 40. Qxf5 gxf5 41. Kf3 Rb3 42. Ke2 Kg8 43. Re6 Be5 44. Rh6 Kg7 45. Rxh5 Kg6 46. Rh1 b4 47. Rh4 Rb2+ 48. Kf3 Rb1 49. Rc4 b3 50. d4 Bf6 51. Rb4 d5 52. Rb5 b2 53. Ke2 Bg5 54. Be1 Kh5 55. Bc3 Kg4 56. Kd3 Rd1+ 0-1

[Event "SVK-chT2C 2425"]
[Site "Slovakia"]
[Date "2024.11.30"]
[Round "3.1"]
[White "Sarkozy, Ladislav"]
[Black "Farkas, Gabor"]
[Result "0-1"]
[WhiteElo "2181"]
[BlackElo "2312"]
[PlyCount "60"]
[EventDate "2024.11.09"]
[EventType "team-tourn"]
[EventRounds "11"]
[EventCountry "SVK"]
[SourceTitle "CB51_2024"]
[SourceDate "2024.12.18"]
[SourceVersion "1"]
[SourceVersionDate "2024.12.18"]
[SourceQuality "1"]
[WhiteTeam "Ondrasova Krivan"]
[BlackTeam "Cebovce II"]
[WhiteTeamCountry "SVK"]
[BlackTeamCountry "SVK"]

1. e4 c6 2. Nf3 d5 3. d3 Bg4 4. h3 Bh5 5. g4 Bg6 6. Ne5 Nf6 7. Nxg6 hxg6 8. e5 Nfd7 9. e6 fxe6 10. d4 e5 11. dxe5 Nxe5 12. Bf4 Nbd7 13. Qe2 Nf7 14. Nd2 e5 15. Bg2 Qf6 16. Bg3 Bd6 17. 0-0-0 0-0-0 18. c4 e4 19. Bxd6 Nxd6 20. cxd5 cxd5 21. f3 Nc5 22. fxe4 dxe4 23. Kb1 Qe5 24. Nc4 Nxc4 25. Qxc4 Kb8 26. Rhe1 Rxd1+ 27. Rxd1 Nd3 28. Qb3 Rd8 29. a3 a6 30. Rd2 Rd5 0-1

[Event "SVK-chT2C 2425"]
[Site "Slovakia"]
[Date "2024.11.09"]
[Round "1.1"]
[White "Stauder, Matej"]
[Black "Farkas, Gabor"]
[Result "0-1"]
[WhiteElo "2079"]
[BlackElo "2312"]
[PlyCount "34"]
[EventDate "2024.11.09"]
[EventType "team-tourn"]
[EventRounds "11"]
[EventCountry "SVK"]
[SourceTitle "CB51_2024"]
[SourceDate "2024.12.18"]
[SourceVersion "1"]
[SourceVersionDate "2024.12.18"]
[SourceQuality "1"]
[WhiteTeam "Zilina Mladost"]
[BlackTeam "Cebovce II"]
[WhiteTeamCountry "SVK"]
[BlackTeamCountry "SVK"]

1. d4 Nf6 2. c4 e6 3. Nf3 d5 4. g3 Bb4+ 5. Nbd2 dxc4 6. Qa4+ Nc6 7. a3 Bxd2+ 8. Bxd2 Qd5 9. Bg2 b5 10. Qd1 Bb7 11. 0-0 Nxd4 12. Nh4 Ne4 13. Bc3 Nb3 14. Rb1 Qxd1 15. Rbxd1 Nxc3 16. Bxb7 Nxd1 17. Bxa8 Nxb2 0-1

[Event "SVK-chT2B 2324"]
[Site "Slovakia"]
[Date "2024.03.17"]
[Round "11.1"]
[White "Horvath, Mario"]
[Black "Farkas, Gabor"]
[Result "1/2-1/2"]
[WhiteElo "2193"]
[BlackElo "2281"]
[PlyCount "110"]
[EventDate "2023.10.07"]
[EventType "team-tourn"]
[EventRounds "11"]
[EventCountry "SVK"]
[SourceTitle "EXT 2025"]
[Source "ChessBase"]
[SourceDate "2024.10.14"]
[SourceVersion "1"]
[SourceVersionDate "2024.10.14"]
[SourceQuality "1"]
[WhiteTeam "Nove Zamky"]
[BlackTeam "Surany"]
[WhiteTeamCountry "SVK"]
[BlackTeamCountry "SVK"]

1. c4 e6 2. g3 d5 3. Bg2 Nf6 4. Nf3 c5 5. cxd5 exd5 6. d4 Nc6 7. 0-0 Be7 8. dxc5 Bxc5 9. Bg5 0-0 10. Nbd2 h6 11. Bxf6 Qxf6 12. Nb3 Bb6 13. Qd2 d4 14. Rac1 Be6 15. Nc5 Bxc5 16. Rxc5 Bxa2 17. b4 Be6 18. b5 Ne7 19. Qxd4 Rac8 20. Qxf6 gxf6 21. Rxc8 Rxc8 22. Nd4 Bd5 23. Ra1 Ra8 24. Bxd5 Nxd5 25. e3 a5 26. bxa6 Rxa6 27. Rc1 Ra8 28. Rc5 Nb4 29. g4 Nd3 30. Rc3 Ne5 31. h3 Nc6 32. Nf5 h5 33. gxh5 Rd8 34. Kg2 Kh7 35. h4 Rg8+ 36. Kf3 Ne5+ 37. Ke2 Rd8 38. Rb3 Rd7 39. Rb6 Nc4 40. Rb4 Rc7 41. e4 Ne5 42. f4 Rc4 43. Rxc4 Nxc4 44. Kd3 b5 45. Kc3 Kg8 46. Kb4 Nd2 47. Nd6 Nf3 48. Kxb5 Nxh4 49. Kc6 f5 50. Nxf5 Ng2 51. Kd6 Nxf4 52. h6 Nd3 53. Ke7 Nf2 54. Nd6 Nxe4 55. Nxf7 Kh7 1/2-1/2

[Event "SVK-chT 2324"]
[Site "Slovakia"]
[Date "2024.02.25"]
[Round "8.5"]
[White "Farkas, Gabor"]
[Black "Kusiak, Matej"]
[Result "1-0"]
[WhiteElo "2279"]
[BlackElo "2250"]
[PlyCount "69"]
[EventDate "2023.11.04"]
[EventType "team-tourn"]
[EventRounds "11"]
[EventCountry "SVK"]
[SourceTitle "CBM 220 Extra"]
[Source "ChessBase"]
[SourceDate "2024.07.31"]
[SourceVersion "1"]
[SourceVersionDate "2024.07.31"]
[SourceQuality "1"]
[WhiteTeam "Cebovce"]
[BlackTeam "Humenne Reinter"]
[WhiteTeamCountry "SVK"]
[BlackTeamCountry "SVK"]

1. e4 e5 2. Nf3 Nc6 3. Bb5 Nge7 4. c3 a6 5. Ba4 g6 6. d4 exd4 7. cxd4 b5 8. Bc2 d6 9. d5 Ne5 10. Nxe5 dxe5 11. Nc3 Bg7 12. h4 h5 13. Bg5 Qd6 14. Rc1 Bb7 15. Bb3 0-0 16. g4 hxg4 17. Qxg4 f6 18. Be3 Kh7 19. h5 g5 20. h6 Bh8 21. Nxb5 axb5 22. Bc5 Bc8 23. Bxd6 Bxg4 24. Rxc7 Bf3 25. Rh3 g4 26. Rxf3 gxf3 27. Bxe7 Kxh6 28. d6 f5 29. Bd5 Rad8 30. exf5 e4 31. d7 Bf6 32. Rc6 Kg5 33. Rxf6 Rxd7 34. Rxf8+ Rxe7 35. f6 1-0

[Event "SVK-chT2B 2324"]
[Site "Slovakia"]
[Date "2024.01.14"]
[Round "7.1"]
[White "Mazur, Stefan"]
[Black "Farkas, Gabor"]
[Result "1-0"]
[WhiteElo "2442"]
[BlackElo "2281"]
[PlyCount "87"]
[EventDate "2023.10.07"]
[EventType "team-tourn"]
[EventRounds "11"]
[EventCountry "SVK"]
[SourceTitle "EXT 2025"]
[Source "ChessBase"]
[SourceDate "2024.10.14"]
[SourceVersion "1"]
[SourceVersionDate "2024.10.14"]
[SourceQuality "1"]
[WhiteTeam "Prievidza K CERO"]
[BlackTeam "Surany"]
[WhiteTeamCountry "SVK"]
[BlackTeamCountry "SVK"]

1. e4 c5 2. Nf3 d6 3. d4 cxd4 4. Nxd4 Nf6 5. Nc3 e6 6. g4 h6 7. h4 Nc6 8. Rg1 h5 9. gxh5 Nxh5 10. Bg5 Nf6 11. Qd2 Qb6 12. Nb3 a6 13. 0-0-0 Bd7 14. Be2 Rc8 15. f4 Nb4 16. Kb1 Rxc3 17. Qxc3 Nxe4 18. Qe1 f6 19. Bh5+ Rxh5 20. Qxe4 Kd8 21. Nd4 fxg5 22. Nxe6+ Bxe6 23. Qxe6 Rxh4 24. fxg5 Rf4 25. Rge1 Rf2 26. a3 Nxc2 27. Qe8+ Kc7 28. Rc1 Qc5 29. Re2 Kb6 30. Rexc2 Qd4 31. Rc6+ Ka7 32. R6c2 d5 33. Rxf2 Qxf2 34. Qe5 Qb6 35. Ka2 d4 36. Rd1 Bc5 37. b4 Bd6 38. Qxd4 Qxd4 39. Rxd4 Be5 40. Re4 Bc3 41. Kb3 Bd2 42. g6 Kb6 43. Re6+ Ka7 44. Re7 1-0

[Event "SVK-chT2B 2324"]
[Site "Slovakia"]
[Date "2023.12.02"]
[Round "5.1"]
[White "Nagy, Tomas"]
[Black "Farkas, Gabor"]
[Result "1-0"]
[WhiteElo "2199"]
[BlackElo "2281"]
[PlyCount "101"]
[EventDate "2023.10.07"]
[EventType "team-tourn"]
[EventRounds "11"]
[EventCountry "SVK"]
[SourceTitle "EXT 2025"]
[Source "ChessBase"]
[SourceDate "2024.10.14"]
[SourceVersion "1"]
[SourceVersionDate "2024.10.14"]
[SourceQuality "1"]
[WhiteTeam "Ziharec"]
[BlackTeam "Surany"]
[WhiteTeamCountry "SLO"]
[BlackTeamCountry "SVK"]

1. c4 f5 2. d4 Nf6 3. Nc3 d6 4. Nf3 g6 5. g3 Bg7 6. Bg2 0-0 7. 0-0 Nc6 8. d5 Ne5 9. Qb3 Nfd7 10. Nb5 Nc5 11. Qc2 Nxf3+ 12. exf3 e5 13. dxe6 Bxe6 14. Rd1 Bd7 15. f4 Ne4 16. Be3 a6 17. Nd4 c5 18. Nf3 Qf6 19. Rab1 Bc6 20. Ng5 Rfe8 21. Nxe4 fxe4 22. Bd2 Qe6 23. Be3 b5 24. b3 Rab8 25. h4 Rb7 26. Kh2 Reb8 27. Bh3 Qf6 28. Bf1 Kh8 29. Qd2 Rd7 30. Qc2 bxc4 31. bxc4 Rdb7 32. Rxb7 Rxb7 33. Qd2 Ba4 34. Qd5 Rb8 35. Qxd6 Qf8 36. Rd5 Qe8 37. Qxc5 Rc8 38. Qa5 Bc6 39. Rd6 Bf8 40. Rd2 Kg8 41. Qxa6 Bb4 42. Rb2 Bc3 43. Rc2 Bf6 44. c5 h6 45. Qc4+ Kf8 46. Rd2 g5 47. Rd6 Qe7 48. Bd4 Bg7 49. Bxg7+ Kxg7 50. Qd4+ Kh7 51. Bh3 1-0

[Event "SVK-chT1W 2324"]
[Site "Slovakia"]
[Date "2023.11.25"]
[Round "3.1"]
[White "Smolen, Jan"]
[Black "Farkas, Gabor"]
[Result "1-0"]
[WhiteElo "2398"]
[BlackElo "2286"]
[PlyCount "91"]
[EventDate "2023.10.21"]
[EventType "team-tourn"]
[EventRounds "11"]
[EventCountry "SVK"]
[SourceTitle "EXT 2025"]
[Source "ChessBase"]
[SourceDate "2024.10.14"]
[SourceVersion "1"]
[SourceVersionDate "2024.10.14"]
[SourceQuality "1"]
[WhiteTeam "Bratislava Doprastav"]
[BlackTeam "Cifer"]
[WhiteTeamCountry "SVK"]
[BlackTeamCountry "SVK"]

1. Nf3 d5 2. g3 Nc6 3. d4 Bf5 4. Bg2 Qd7 5. c4 dxc4 6. d5 Nb4 7. Ne5 Qd6 8. Na3 Nc2+ 9. Nxc2 Qxe5 10. Ne3 Bd7 11. Nxc4 Qh5 12. Bf4 Nf6 13. Bxc7 Rc8 14. d6 Qb5 15. Rc1 Qb4+ 16. Qd2 Qxd2+ 17. Kxd2 Bc6 18. Bxc6+ bxc6 19. Rhd1 Nd5 20. Ke1 exd6 21. Bxd6 Be7 22. e4 Nb6 23. b3 Nxc4 24. Rxc4 h5 25. Ra4 Bxd6 26. Rxd6 Ke7 27. Rdd4 Rc7 28. Ra5 g6 29. Rda4 Ra8 30. Ke2 Ke6 31. Ke3 f6 32. Ra6 Kd6 33. h4 Re7 34. Kd4 f5 35. exf5 gxf5 36. Kd3 Rf7 37. Ke3 Re8+ 38. Kf4 Ree7 39. Rd4+ Kc5 40. Rc4+ Kd5 41. Raxc6 Re2 42. Rc2 Re4+ 43. Kf3 Ree7 44. R2c5+ Kd4 45. Rc4+ Kd5 46. Rh6 1-0

[Event "SVK-chT2B 2324"]
[Site "Slovakia"]
[Date "2023.11.11"]
[Round "3.1"]
[White "Krupa, Miroslav"]
[Black "Farkas, Gabor"]
[Result "1/2-1/2"]
[WhiteElo "2103"]
[BlackElo "2285"]
[PlyCount "106"]
[EventDate "2023.10.07"]
[EventType "team-tourn"]
[EventRounds "11"]
[EventCountry "SVK"]
[SourceTitle "EXT 2025"]
[Source "ChessBase"]
[SourceDate "2024.10.14"]
[SourceVersion "1"]
[SourceVersionDate "2024.10.14"]
[SourceQuality "1"]
[WhiteTeam "Tlmace"]
[BlackTeam "Surany"]
[WhiteTeamCountry "SVK"]
[BlackTeamCountry "SVK"]

1. b4 a5 2. b5 d5 3. Nf3 c5 4. bxc6 bxc6 5. Ba3 g6 6. e3 Bg7 7. d4 Nf6 8. Be2 0-0 9. 0-0 Ne4 10. Nfd2 Nd6 11. Nf3 Ba6 12. Nbd2 Nb5 13. Bb2 c5 14. c4 dxc4 15. Nxc4 cxd4 16. Nxd4 Nxd4 17. Bxd4 Bxd4 18. exd4 Ra7 19. Qd2 Rd7 20. Rfd1 Nc6 21. d5 Nb4 22. Ne3 Bb7 23. Bc4 Nxd5 24. Bxd5 e6 25. Qb2 Bxd5 26. Ng4 f6 27. Rd2 h5 28. Ne3 Qb8 29. Qc2 Kg7 30. Rad1 Rfd8 31. h3 Qb7 32. Qa4 Qb4 33. Qxb4 axb4 34. Rb2 Ra8 35. Rd4 g5 36. Nxd5 Rxd5 37. Rdxb4 Rda5 38. Re4 e5 39. Ree2 h4 40. f3 Kg6 41. Kf2 Ra3 42. Red2 R8a4 43. Re2 Kf5 44. Rbc2 Kf4 45. Rc6 f5 46. Re6 e4 47. fxe4 Rxe4 48. R6xe4+ fxe4 49. Rb2 Rc3 50. Ke2 Rc1 51. Kf2 Ra1 52. Rc2 Rb1 53. Re2 Ra1 1/2-1/2

[Event "HUN-chT1 Charousek 2324"]
[Site "Hungary"]
[Date "2023.10.29"]
[Round "3.3"]
[White "Farkas, Gabor"]
[Black "Matyassy, Lazar"]
[Result "1/2-1/2"]
[WhiteElo "2296"]
[BlackElo "2227"]
[PlyCount "165"]
[EventDate "2023.10.08"]
[EventType "team-tourn"]
[EventRounds "11"]
[EventCountry "HUN"]
[SourceTitle "EXT 2025"]
[Source "ChessBase"]
[SourceDate "2024.10.14"]
[SourceVersion "1"]
[SourceVersionDate "2024.10.14"]
[SourceQuality "1"]
[WhiteTeam "Haladas Szombathely II"]
[BlackTeam "Budapest MTK"]
[WhiteTeamCountry "HUN"]
[BlackTeamCountry "HUN"]

1. e4 c5 2. Nf3 d6 3. d4 cxd4 4. Nxd4 Nf6 5. Nc3 Nc6 6. Bg5 e6 7. Qd2 a6 8. 0-0-0 Bd7 9. Kb1 b5 10. Qe1 Nxd4 11. Rxd4 Qb6 12. Bxf6 gxf6 13. Rd3 Be7 14. f4 Qc5 15. Ne2 Bc6 16. Nd4 Bb7 17. Nb3 Qb6 18. Na5 Bc8 19. Be2 Bd8 20. Nb3 a5 21. Bf3 e5 22. Qd2 Be7 23. Nc1 b4 24. Qe3 Qxe3 25. Rxe3 Bf8 26. Rd1 Bh6 27. Red3 Bxf4 28. Rxd6 Ke7 29. Ne2 Ra7 30. Nxf4 exf4 31. Rb6 Be6 32. Rd3 Rc8 33. h4 Rac7 34. Rd2 Rc5 35. Rf2 Rd8 36. b3 Rd4 37. Kb2 a4 38. bxa4 Ra5 39. Rb7+ Kf8 40. a3 bxa3+ 41. Kxa3 Rdxa4+ 42. Kb2 Ra2+ 43. Kc1 Rc5 44. Rb4 Rc7 45. Rd4 Ra1+ 46. Kb2 Rh1 47. h5 Kg7 48. Be2 Re1 49. Bd3 Rh1 50. Be2 Re1 51. Bf1 Rc5 52. Rxf4 Rxh5 53. Rf2 Rc5 54. Bd3 Rc7 55. Rd8 Rc5 56. Rb8 Rg5 57. Kc3 h5 58. Kd2 Ra1 59. Rb5 Ra4 60. Rb6 Raa5 61. Ke3 Rg3+ 62. Kd4 Rag5 63. Bf1 R3g4 64. Ke3 Re5 65. Rb4 Rgg5 66. Rf4 f5 67. Kd2 fxe4 68. Rbxe4 Rc5 69. c4 Rg4 70. Rxg4+ hxg4 71. Ke3 Kf6 72. Kd4 Rf5 73. Be2 Rf2 74. g3 Rg2 75. Re3 Rg1 76. Rc3 Re1 77. Ke3 Ke5 78. c5 Ra1 79. Bc4 Bxc4 80. Rxc4 Ra3+ 81. Ke2 Kd5 82. Rxg4 Kxc5 83. Rf4 1/2-1/2

[Event "SVK-chB op"]
[Site "Bratislava"]
[Date "2023.07.01"]
[Round "1"]
[White "Bakalar, Jan"]
[Black "Farkas, Gabor"]
[Result "0-1"]
[WhiteElo "1885"]
[BlackElo "2309"]
[PlyCount "58"]
[EventDate "2023.07.01"]
[EventType "swiss"]
[EventRounds "9"]
[EventCountry "SVK"]
[SourceTitle "CBM 215 Extra"]
[Source "ChessBase"]
[SourceDate "2023.09.30"]
[SourceVersion "1"]
[SourceVersionDate "2023.09.30"]
[SourceQuality "1"]

1. d4 d5 2. e3 Nf6 3. Bd3 c5 4. c3 Nc6 5. f4 Bg4 6. Nf3 e6 7. 0-0 Bd6 8. Qe1 Bxf3 9. Rxf3 Ne4 10. Bxe4 dxe4 11. Rh3 f5 12. Na3 cxd4 13. exd4 Bxa3 14. bxa3 0-0 15. Rb1 b6 16. Qe2 Rf7 17. g4 Rc8 18. g5 Qd5 19. Be3 Rfc7 20. Rb5 Qd6 21. a4 g6 22. Bd2 Na5 23. Qf2 Nc4 24. Be1 Qa3 25. Rb1 Qxa4 26. d5 e5 27. Rb4 Qd1 28. Qh4 Qxd5 29. fxe5 a5 0-1

[Event "HUN-chT1 Charousek 2223"]
[Site "Hungary"]
[Date "2023.02.19"]
[Round "6.4"]
[White "Farkas, Gabor"]
[Black "Nagy, Kristof"]
[Result "1/2-1/2"]
[WhiteElo "2335"]
[BlackElo "2167"]
[PlyCount "119"]
[EventDate "2022.11.20"]
[EventType "team-tourn"]
[EventRounds "9"]
[EventCountry "HUN"]
[SourceTitle "EXT 2025"]
[Source "ChessBase"]
[SourceDate "2024.10.14"]
[SourceVersion "1"]
[SourceVersionDate "2024.10.14"]
[SourceQuality "1"]
[WhiteTeam "Haladas II"]
[BlackTeam "Csuti Hydro"]
[WhiteTeamCountry "HUN"]
[BlackTeamCountry "HUN"]

1. e4 c5 2. c3 Nf6 3. e5 Nd5 4. d4 cxd4 5. Nf3 e6 6. cxd4 d6 7. Bc4 Nc6 8. 0-0 Nb6 9. Bd3 Nb4 10. Be2 Bd7 11. Nc3 d5 12. a3 Na6 13. h4 h6 14. Qd2 Rc8 15. Qf4 Nc4 16. Nd1 b5 17. h5 Qb6 18. g4 Be7 19. Be3 Nb8 20. g5 Nc6 21. Bd3 hxg5 22. Nxg5 Bxg5 23. Qxg5 Ne7 24. b3 Nxe3 25. fxe3 Nf5 26. Nf2 Qd8 27. Qxd8+ Kxd8 28. Bxf5 exf5 29. Rac1 Be6 30. Rxc8+ Kxc8 31. Rc1+ Kb7 32. Rc5 a6 33. Nd3 Rxh5 34. Nf4 Rh8 35. Nxd5 Rd8 36. Ne7 Rd7 37. Nc8 Rc7 38. Nd6+ Kb6 39. Rxc7 Kxc7 40. Ne8+ Kd7 41. Nxg7 Bxb3 42. Nxf5 Ke6 43. Nd6 Bc2 44. Nb7 Kd5 45. Kf2 Bg6 46. Ke2 Kc6 47. Nc5 a5 48. Kd2 b4 49. axb4 axb4 50. e4 Kb5 51. Kd3 Bh5 52. e6 fxe6 53. Nxe6 Bf7 54. Ng5 Bc4+ 55. Kc2 Bg8 56. Kb2 Kc4 57. Nf3 Kd3 58. d5 Kxe4 59. d6 Be6 60. Ng5+ 1/2-1/2

[Event "SVK-chT1W 2223"]
[Site "Slovakia"]
[Date "2023.02.05"]
[Round "9.2"]
[White "Farkas, Gabor"]
[Black "Ruckschloss, Karol"]
[Result "1/2-1/2"]
[WhiteElo "2329"]
[BlackElo "2180"]
[PlyCount "59"]
[EventDate "2022.10.15"]
[EventType "team-tourn"]
[EventRounds "11"]
[EventCountry "SVK"]
[SourceTitle "EXT 2024"]
[Source "ChessBase"]
[SourceDate "2023.10.10"]
[SourceVersion "1"]
[SourceVersionDate "2023.10.10"]
[SourceQuality "1"]
[WhiteTeam "Gabcikovo MSK"]
[BlackTeam "Bratislava Slovan III"]
[WhiteTeamCountry "SVK"]
[BlackTeamCountry "SVK"]

1. d4 d6 2. c4 e5 3. dxe5 dxe5 4. Qxd8+ Kxd8 5. Nc3 Be6 6. b3 c6 7. g3 Na6 8. Bg2 Nb4 9. Bg5+ f6 10. 0-0-0+ Kc7 11. Be3 Ne7 12. Kb2 Nf5 13. Bd2 Rd8 14. a3 Na6 15. f4 exf4 16. gxf4 Bc5 17. e4 Ne3 18. Bxe3 Bxe3 19. Nge2 Nc5 20. Kc2 Bg4 21. f5 Rhe8 22. Rhe1 Bf2 23. Rxd8 Rxd8 24. Rd1 Bh5 25. Rxd8 Kxd8 26. Nf4 Bf7 27. Bf3 Bd4 28. Nd3 Nd7 29. Ne2 Be5 30. h3 1/2-1/2

[Event "HUN-chT1 Charousek 2223"]
[Site "Hungary"]
[Date "2023.01.29"]
[Round "4.5"]
[White "Szelenyi, Norbert"]
[Black "Farkas, Gabor"]
[Result "0-1"]
[WhiteElo "2265"]
[BlackElo "2321"]
[PlyCount "126"]
[EventDate "2022.11.20"]
[EventType "team-tourn"]
[EventRounds "9"]
[EventCountry "HUN"]
[SourceTitle "EXT 2025"]
[Source "ChessBase"]
[SourceDate "2024.10.14"]
[SourceVersion "1"]
[SourceVersionDate "2024.10.14"]
[SourceQuality "1"]
[WhiteTeam "Sentimento Ajka BSK II"]
[BlackTeam "Haladas II"]
[WhiteTeamCountry "HUN"]
[BlackTeamCountry "HUN"]

1. d4 d5 2. Nf3 e6 3. Bf4 Bd6 4. Bg3 c5 5. e3 Nf6 6. Nbd2 0-0 7. c3 Qc7 8. Ne5 Nfd7 9. f4 f6 10. Bd3 f5 11. Bh4 Nxe5 12. fxe5 Be7 13. Bxe7 Qxe7 14. Qh5 b6 15. 0-0 Ba6 16. Bxa6 Nxa6 17. Rf3 g6 18. Qh6 Qg7 19. Qxg7+ Kxg7 20. Kf2 b5 21. a3 Nb8 22. Nb3 cxd4 23. exd4 a5 24. Nc5 Kf7 25. Nb7 Nc6 26. Nd6+ Ke7 27. Nxb5 a4 28. Nd6 Rfb8 29. Ra2 Na5 30. Ke1 Nb3 31. Kd1 Ra6 32. Rd3 g5 33. Rh3 Rh8 34. Rh6 Rxd6 35. exd6+ Kxd6 36. Ke1 f4 37. h3 Re8 38. Rxh7 Kc6 39. Kd1 e5 40. dxe5 Rxe5 41. Rh5 Kd6 42. h4 g4 43. Rh8 Ke7 44. Rg8 f3 45. gxf3 gxf3 46. Rg1 f2 47. Rf1 Rh5 48. Rxf2 Rxh4 49. Kc2 Kd6 50. Rf1 Rh2+ 51. Kd3 Kc5 52. Ke3 Rh3+ 53. Ke2 Kc4 54. Rf4+ d4 55. Rxd4+ Nxd4+ 56. cxd4 Rh1 57. b3+ axb3 58. Rd2 Rh2+ 59. Ke3 b2 60. Rd1 Kc3 61. d5 Rd2 62. Rxd2 b1Q 63. Ke2 Qe4+ 0-1

[Event "SVK-chT2B 2223"]
[Site "Slovakia"]
[Date "2023.01.15"]
[Round "7.1"]
[White "Cibickova, Zuzana"]
[Black "Farkas, Gabor"]
[Result "1/2-1/2"]
[WhiteElo "2257"]
[BlackElo "2305"]
[PlyCount "81"]
[EventDate "2022.10.08"]
[EventType "team-tourn"]
[EventRounds "11"]
[EventCountry "SVK"]
[SourceTitle "EXT 2024"]
[Source "ChessBase"]
[SourceDate "2023.10.10"]
[SourceVersion "1"]
[SourceVersionDate "2023.10.10"]
[SourceQuality "1"]
[WhiteTeam "Komarno II"]
[BlackTeam "Surany"]
[WhiteTeamCountry "SVK"]
[BlackTeamCountry "SVK"]

1. Nf3 Nf6 2. c4 e6 3. g3 d5 4. Bg2 c5 5. cxd5 exd5 6. d4 Nc6 7. 0-0 Be7 8. dxc5 Bxc5 9. a3 0-0 10. b4 Bb6 11. Bb2 Ne4 12. Nc3 Nxc3 13. Bxc3 d4 14. Bb2 a6 15. Qd2 Bg4 16. Rfd1 Re8 17. h3 Bxf3 18. exf3 Qd7 19. f4 Re7 20. Qd3 Rae8 21. Rd2 Qd6 22. Rad1 Ba7 23. Qc4 Re1+ 24. Rxe1 Rxe1+ 25. Kh2 h5 26. Bxc6 bxc6 27. Bxd4 h4 28. Bc3 hxg3+ 29. fxg3 Qe7 30. Qxc6 Kh7 31. Qd5 Bg1+ 32. Kg2 Be3 33. Rc2 Rg1+ 34. Kh2 Rb1 35. Bd4 Rc1 36. Rxc1 Bxc1 37. Qh5+ Kg8 38. Qg4 f5 39. Qd1 Bxa3 40. Bc5 Qe6 41. Qc2 1/2-1/2

[Event "SVK-chT1W 2223"]
[Site "Slovakia"]
[Date "2023.01.14"]
[Round "7.2"]
[White "Farkas, Gabor"]
[Black "Debnar, Lubos"]
[Result "1-0"]
[WhiteElo "2329"]
[BlackElo "2282"]
[PlyCount "67"]
[EventDate "2022.10.15"]
[EventType "team-tourn"]
[EventRounds "11"]
[EventCountry "SVK"]
[SourceTitle "EXT 2024"]
[Source "ChessBase"]
[SourceDate "2023.10.10"]
[SourceVersion "1"]
[SourceVersionDate "2023.10.10"]
[SourceQuality "1"]
[WhiteTeam "Gabcikovo MSK"]
[BlackTeam "Nitra NSK"]
[WhiteTeamCountry "SVK"]
[BlackTeamCountry "SVK"]

1. e4 c6 2. d4 d5 3. exd5 cxd5 4. Bd3 Nc6 5. c3 Nf6 6. Bf4 Bg4 7. Qb3 e5 8. dxe5 Nh5 9. Be3 Nxe5 10. Bb5+ Nc6 11. Be2 Bxe2 12. Nxe2 Qd7 13. 0-0 Be7 14. Rd1 Rd8 15. Nd2 0-0 16. Nf3 Na5 17. Qc2 Nc4 18. Bd4 Rfe8 19. b3 Na3 20. Qd3 Qc7 21. Be3 Bf8 22. g3 a6 23. Ned4 Rc8 24. Rac1 b5 25. Nf5 Nf6 26. Bf4 Qc6 27. N3d4 Qd7 28. Ne3 Ne4 29. Nf3 Qa7 30. Be5 Bc5 31. Bd4 Bxd4 32. Nxd4 Qd7 33. Ne2 Rcd8 34. Nf4 1-0

[Event "Budapest Vezerkepzo Christmas IM"]
[Site "Budapest"]
[Date "2023.01.04"]
[Round "9"]
[White "Farkas, Gabor"]
[Black "Daroczi, Donat"]
[Result "1/2-1/2"]
[WhiteElo "2305"]
[BlackElo "2142"]
[PlyCount "29"]
[EventDate "2022.12.26"]
[EventType "tourn"]
[EventRounds "9"]
[EventCountry "HUN"]
[SourceTitle "CBM 212 Extra"]
[Source "ChessBase"]
[SourceDate "2023.03.31"]
[SourceVersion "1"]
[SourceVersionDate "2023.03.31"]
[SourceQuality "1"]

1. e4 e6 2. d4 d5 3. e5 c5 4. c3 Nc6 5. Nf3 Qb6 6. a3 c4 7. Be2 Na5 8. Nbd2 Bd7 9. 0-0 Ne7 10. Rb1 Qc7 11. Ng5 h6 12. Nh3 Nc8 13. Bg4 Nb6 14. Nf4 Ba4 15. Qe2 1/2-1/2

[Event "Budapest Vezerkepzo Christmas IM"]
[Site "Budapest"]
[Date "2022.12.29"]
[Round "4"]
[White "Udvardi, Zalan"]
[Black "Farkas, Gabor"]
[Result "0-1"]
[WhiteElo "2280"]
[BlackElo "2305"]
[PlyCount "104"]
[EventDate "2022.12.26"]
[EventType "tourn"]
[EventRounds "9"]
[EventCountry "HUN"]
[SourceTitle "CBM 212 Extra"]
[Source "ChessBase"]
[SourceDate "2023.03.31"]
[SourceVersion "1"]
[SourceVersionDate "2023.03.31"]
[SourceQuality "1"]

1. e4 c6 2. d4 d5 3. e5 Bf5 4. h4 Qb6 5. h5 f6 6. g4 Bd7 7. f4 c5 8. dxc5 Qxc5 9. Nc3 e6 10. Bd3 Nc6 11. Nf3 Nh6 12. g5 Ng4 13. Qe2 f5 14. Bd2 a6 15. a3 Be7 16. Nd1 Nd4 17. Nxd4 Qxd4 18. Be3 Nxe3 19. Qxe3 Qa4 20. 0-0 Rc8 21. Kh2 Qa5 22. Qe2 Qb6 23. Rf2 0-0 24. c3 Bc5 25. Rg2 Bc6 26. Rg3 Rfd8 27. Rc1 a5 28. b4 axb4 29. axb4 Be7 30. Ne3 Be8 31. g6 h6 32. Bxf5 exf5 33. Nxf5 Rc7 34. Rd1 Ba4 35. Rd2 Rf8 36. Qg4 Qc6 37. Nd4 Qd7 38. Ne6 Bh4 39. Rgg2 Be1 40. Rd3 Rxc3 41. Rd4 Rc4 42. f5 Rxd4 43. Nxd4 Bc3 44. f6 gxf6 45. g7 Qxg4 46. gxf8Q+ Kxf8 47. Rxg4 fxe5 48. Ne6+ Ke7 49. Rg6 Bc2 50. Rg3 Be1 51. Rg1 Kxe6 52. Rxe1 d4 0-1

[Event "Budapest Vezerkepzo Christmas IM"]
[Site "Budapest"]
[Date "2022.12.28"]
[Round "3"]
[White "Farkas, Gabor"]
[Black "Szeberenyi, Adam"]
[Result "1-0"]
[WhiteElo "2305"]
[BlackElo "2344"]
[PlyCount "51"]
[EventDate "2022.12.26"]
[EventType "tourn"]
[EventRounds "9"]
[EventCountry "HUN"]
[SourceTitle "CBM 212 Extra"]
[Source "ChessBase"]
[SourceDate "2023.03.31"]
[SourceVersion "1"]
[SourceVersionDate "2023.03.31"]
[SourceQuality "1"]

1. e4 c5 2. Nf3 e6 3. Nc3 Nc6 4. d4 cxd4 5. Nxd4 Nf6 6. Ndb5 Bb4 7. Bf4 Nxe4 8. Qf3 f5 9. Nc7+ Kf8 10. 0-0-0 d5 11. Nxe4 fxe4 12. Qh5 Rb8 13. Bc4 Bd7 14. Nxd5 exd5 15. Rxd5 Qf6 16. Bxb8 Nxb8 17. Rhd1 Ke7 18. a3 Rc8 19. Re5+ Kf8 20. axb4 Be8 21. Qf5 Rxc4 22. Rd8 Kf7 23. Qh5+ Qg6 24. Qxg6+ hxg6 25. Rdxe8 Nc6 26. Rxe4 1-0